000 00574nam a2200181Ia 4500
003 GCL
008 140319s9999 xx 000 0 ara d
040 _aGCL /
_cGCL
082 0 4 _a953.09
_bى ف
100 1 _aمسعود ضاهر(مراجع)
245 1 0 _aالفتح العثمانى للأقطار العربية 1516 - 1574 /
_cمسعود ضاهر(مراجع)
700 1 _aيوسف عطاالله
300 _a313
490 _a100 قصة
_v0
650 0 4 _aالتاريخ الاسلامى
650 0 4 _aالامبراطورية العثمانية
942 _2ddc
_cBK
999 _c43868
_d43868